[Event "Open"]
[Site "Pula CRO"]
[Date "2007.06.25"]
[Round "3"]
[White "Martinovic,Sa"]
[Black "Andersen,L NOR"]
[Result "0-1"]
[WhiteElo "2400"]
[BlackElo "2247"]

1.d4 Nf6 2.Bg5 Ne4 3.Bf4 c5 4.f3 Qa5+ 5.c3 Nf6 6.d5 d6 7.e4 g6 8.Nd2 Nbd7
9.Nc4 Qc7 10.a4 Bg7 11.Nh3 O-O 12.Nf2 b6 13.Be2 Rb8 14.Qd2 Re8 15.O-O a6
16.Rfe1 b5 17.axb5 axb5 18.Na5 c4 19.Nc6 Nc5 20.Bd1 Rb6 21.Be3 Nfd7 22.Bc2 Bb7
23.Nb4 Ra8 24.Rad1 Ra5 25.f4 Ba8 26.h4 Rb8 27.h5 Na6 28.Nxa6 Rxa6 29.Bd4 Bxd4
30.cxd4 b4 31.hxg6 fxg6 32.f5 Nf8 33.fxg6 Nxg6 34.Ng4 c3 35.Nh6+ Kh8 36.Nf7+ Kg8
37.Qh6 Nf8 38.Rf1 e5 39.dxe6 cxb2 40.Rd3 Ra1 41.Bb1 Bxe4 42.Rg3+ Ng6 43.Qd2 Rxb1
44.Rxb1 Bxb1 45.Qxb2 d5 46.Nh6+ Kh8 47.Qf2 Qc1+ 48.Kh2 Qxh6+ 49.Rh3 Qf4+  0-1

[Event "REDA"]
[Site "Brno CZE"]
[Date "2007.06.30"]
[Round "2"]
[White "Kireev,Al"]
[Black "Ponizil,C"]
[Result "0-1"]
[WhiteElo "2380"]
[BlackElo "2256"]

1.d4 Nf6 2.Bg5 Ne4 3.Bh4 c5 4.f3 g5 5.fxe4 gxh4 6.e3 Bh6 7.Kf2 cxd4 8.exd4 e5
9.Nf3 Nc6 10.Bb5 exd4 11.Bxc6 Be3+ 12.Ke2 dxc6 13.c3 Bg4 14.cxd4 Bxd4 15.Qb3 h3
16.gxh3 Bxf3+ 17.Qxf3 Bxb2 18.Nc3 Bxa1 19.Rxa1 Qd6 20.Qf5 Qxh2+ 21.Kf3 Rg8
22.Ne2 Rd8 23.Ke3 Rg2 24.Re1 Rxe2+ 25.Rxe2 Qg3+  0-1

[Event "ch-BEL Expert"]
[Site "Namur BEL"]
[Date "2007.06.30"]
[Round "1"]
[White "Claesen,P"]
[Black "Schuermans,R"]
[Result "1-0"]
[WhiteElo "2393"]
[BlackElo "2277"]

1.d4 Nf6 2.Bg5 Ne4 3.Bf4 c5 4.f3 Qa5+ 5.c3 Nf6 6.Nd2 cxd4 7.Nb3 Qb6 8.Qxd4 Qxd4
9.cxd4 d5 10.e3 e6 11.Rc1 Bb4+ 12.Kf2 Nc6 13.a3 Be7 14.Bb5 Bd7 15.Nc5 Nh5
16.Ne2 Nxf4 17.Nxf4 Bxc5 18.Rxc5 Ke7 19.Rhc1 Rac8 20.Nd3 f6 21.R5c3 a6 22.Ba4 b5
23.Bd1 Na5 24.Nc5 Rc6 25.a4 b4 26.R3c2 Rhc8 27.Nxa6 Rxc2+ 28.Rxc2 Rxc2+ 29.Bxc2 b3
30.Bd1 Bxa4 31.Nc5 Bb5 32.Bxb3 Nxb3 33.Nxb3 Kd6 34.Ke1 g5 35.Kd2 e5 36.g3 h5
37.Nc1 f5 38.dxe5+ Kxe5 39.Nd3+ Kf6 40.Kc3 h4 41.Kd4 hxg3 42.hxg3 Ke6 43.f4 gxf4
44.Nxf4+ Kf6 45.b4 Ba4 46.Nxd5+ Kg5 47.Kc5  1-0

[Event "King's Gambit B"]
[Site "Lipetsk RUS"]
[Date "2007.07.02"]
[Round "14"]
[White "Barbashin,I"]
[Black "Nikitin,Y2"]
[Result "0-1"]
[WhiteElo "2300"]
[BlackElo "2241"]

1.d4 Nf6 2.Bg5 Ne4 3.Bf4 c5 4.f3 Nf6 5.d5 Qb6 6.Be5 g6 7.e4 Bg7 8.c4 d6 9.Bc3 O-O
10.Bd3 e5 11.g4 Qd8 12.Qe2 Bd7 13.Nd2 Na6 14.Nf1 Rb8 15.Ng3 Nb4 16.Bb1 b5
17.a3 Na6 18.h4 h5 19.gxh5 Nxh5 20.Nxh5 gxh5 21.Qg2 Kh8 22.Nh3 Rg8 23.Ng5 Qe7
24.cxb5 Bxb5 25.f4 f6 26.Qf3 Be8 27.Bd3 Nc7 28.Ne6 Nxe6 29.dxe6 Qxe6 30.f5 Qb3
31.Rd1 Bh6 32.Be2 Bf4 33.Qd3 Rb6 34.Kf2 Rg3 35.Qc4 Qxc4 36.Bxc4 Bc6 37.Bd5 Rg4
38.Rh3 Bxd5 39.Rxd5 Bh6 40.Rhd3 Bf8 41.b4 cxb4 42.Bxb4 Rxe4 43.Rc3 Rf4+ 44.Kg3 Rxf5
45.Rc8 Kg7 46.Rc7+ Kg6 47.Rxa7 Rf4 48.Rd1 Rg4+  0-1

[Event "ch-SWE"]
[Site "Stockholm SWE"]
[Date "2007.07.04"]
[Round "5"]
[White "Lindberg,Bo"]
[Black "Johansson,Ja SWE"]
[Result "0-1"]
[WhiteElo "2389"]
[BlackElo "2441"]

1.d4 Nf6 2.Bg5 Ne4 3.Bf4 c5 4.f3 Qa5+ 5.c3 Nf6 6.Nd2 cxd4 7.Nc4 Qd8 8.cxd4 b5
9.Nd2 Nc6 10.e3 Nd5 11.Nh3 Nxf4 12.Nxf4 Rb8 13.Nd3 e6 14.Be2 Be7 15.O-O O-O
16.Rc1 Bb7 17.Nc5 Ba8 18.a3 d6 19.Nd3 Qd7 20.b4 Bd8 21.Nb3 Bb6 22.Qd2 Ne7
23.f4 Bd5 24.Na5 Rbc8 25.Nf2 Bxa5 26.bxa5 Qb7 27.e4 Bxe4 28.a6 Qd5 29.Nxe4 Qxe4
30.Bf3 Qf5 31.d5 Nxd5 32.Bxd5 Qxd5 33.Qxd5 exd5 34.Rfd1 Rc4 35.Rb1 Rc5 36.Re1 Rc6
37.Rxb5 Rxa6 38.Rxd5 h6 39.Rd3 Rc8 40.Red1 Rcc6 41.Kf2 g6 42.R1d2 Kg7 43.h3 h5
44.h4 Rc7 45.g3 Rd7 46.a4 Kf6 47.Rd4 Ke7 48.Re4+ Kd8 49.Rd5 Re7 50.Red4 Kc7
51.f5 Re5 52.Rxe5 dxe5 53.Rd5 Rf6 54.Rxe5 Kd6 55.Re4 Rxf5+ 56.Kg2 a5 57.Rc4 Rc5
58.Rd4+ Rd5 59.Rc4 Rd3 60.Kf2 Rb3 61.Rd4+ Kc6 62.Rf4 f5 63.Rc4+ Kb6 64.Rc8 Rb4
65.Rg8 Rg4 66.Rb8+ Ka7 67.Rg8 f4 68.gxf4 Rxf4+ 69.Kg3 Rg4+ 70.Kh3 Kb7 71.Rg7+ Kb6
72.Re7 Kc5 73.Re5+ Kb4 74.Re1 Kxa4 75.Rb1 Ka3 76.Ra1+ Kb4 77.Rb1+ Kc5 78.Rc1+ Rc4
79.Rg1 a4 80.Rxg6 a3 81.Ra6 Kb4 82.Kg3 Kb3 83.Kf3 a2  0-1

[Event "XXV Andorra Open"]
[Site "Andorra la Vella AND"]
[Date "2007.07.05"]
[Round "6"]
[White "Mellado Trivino,J"]
[Black "Flores,Di"]
[Result "0-1"]
[WhiteElo "2394"]
[BlackElo "2543"]

1.d4 Nf6 2.Bg5 Ne4 3.Bf4 c5 4.f3 Qa5+ 5.c3 Nf6 6.Nd2 cxd4 7.Nc4 Qd8 8.cxd4 g6
9.Rc1 Na6 10.e4 Bg7 11.e5 Nd5 12.Bg5 O-O 13.Qd2 f6 14.Ne3 Nxe3 15.Bxe3 fxe5
16.dxe5 Nc7 17.f4 e6 18.Nf3 Nd5 19.Bc4 Nxe3 20.Qxe3 Qa5+ 21.Kf2 g5 22.fxg5 Qxe5
23.Qxe5 Bxe5 24.Rc2 d5 25.Bb3 Bd7 26.Re1 Bf4 27.g3 Bd6 28.Kg2 a5 29.Rce2 a4
30.Bc2 Rac8 31.Bd3 a3 32.Nd4 e5 33.Rxe5 Bxe5 34.Rxe5 axb2 35.Re2 Rc4 36.Nb3 Rc3
37.Bb1 Bb5 38.Rd2 Bf1+ 39.Kg1 Bh3 40.Rf2 Re8 41.Rc2 Rf3 42.Rf2  0-1

[Event "Spring A"]
[Site "Volodarskij RUS"]
[Date "2007.07.05"]
[Round "13"]
[White "Shpagin,V"]
[Black "Nikolaenko,V"]
[Result "1-0"]
[WhiteElo "2123"]
[BlackElo "2188"]

1.d4 Nf6 2.Bg5 Ne4 3.Bf4 d6 4.Nd2 Nf6 5.e3 g6 6.Ngf3 Bg7 7.Bd3 O-O 8.O-O Nc6
9.c3 a6 10.a4 Re8 11.Qc2 h6 12.b4 e5 13.Bg3 Nh5 14.Bh4 Qd7 15.dxe5 Nxe5 16.Nxe5 dxe5
17.Be2 Nf6 18.Rfd1 Qe7 19.e4 Bd7 20.Nc4 Bc6 21.f3 Red8 22.Na5 Qe8 23.Nxc6 Qxc6
24.Rd2 Qe8 25.Rad1 Rxd2 26.Rxd2 Rd8 27.Rxd8 Qxd8 28.Qd3 Qe8 29.b5 axb5 30.axb5 Nh5
31.Qd8 Qxd8 32.Bxd8 Nf4 33.Bc4 c6 34.b6 Ne6 35.Bc7 Kf8 36.Ba6 Ke8 37.Bxb7 Kd7
38.Bb8 Bf8 39.Kf1 Bc5 40.Ba7 f5 41.Ba6 fxe4 42.fxe4 Ng5 43.Bd3 Nf7 44.Ke2 Nd6
45.h4 Nb5 46.Bxb5 cxb5 47.Kd3 h5 48.c4 b4 49.Kc2 Kc6 50.Bb8 Bxb6 51.Bxe5 Bf2
52.g3 Bb6 53.Kb3 Bc5 54.Bf4 Kb6 55.Bd2 Bf2 56.Bf4 Bc5 57.e5 Kc7 58.e6+ Kd8
59.Bd2 Bd6 60.Bf4 Bc5 61.Bg5+ Ke8 62.Ka4 Bd6 63.Bf6 Kf8 64.Kb5 b3 65.c5 Bxg3
66.c6 Bxh4 67.c7  1-0

[Event "Open A"]
[Site "Klatovy CZE"]
[Date "2007.07.06"]
[Round "7"]
[White "Smid,M"]
[Black "Jaros,Ma"]
[Result "1-0"]
[WhiteElo "2186"]
[BlackElo "2198"]

1.d4 Nf6 2.Bg5 Ne4 3.Bh4 c5 4.f3 g5 5.fxe4 gxh4 6.e3 Qb6 7.b3 Bh6 8.Qd3 Nc6
9.c3 e5 10.Nf3 cxd4 11.exd4 exd4 12.Nbd2 O-O 13.Nc4 Qc7 14.Rd1 b5 15.Ncd2 dxc3
16.Qxc3 Qb6 17.Nxh4 d5 18.Be2 Nd4 19.e5 Re8 20.Ndf3 Nxe2 21.Kxe2 b4 22.Qd4 Qa6+
23.Kf2 Qxa2+ 24.Kg3 Kh8 25.e6+ Bg7 26.exf7 Rd8 27.Ng6+ hxg6 28.Qh4+  1-0

[Event "Ikaros Festival"]
[Site "Agios Kirykos GRE"]
[Date "2007.07.07"]
[Round "1"]
[White "Karountzos,N"]
[Black "Gavric,M"]
[Result "0-1"]
[WhiteElo "1961"]
[BlackElo "2391"]

1.d4 Nf6 2.Bg5 Ne4 3.Bf4 d5 4.e3 Bf5 5.Bd3 e6 6.Ne2 Bd6 7.Nd2 Bg6 8.O-O Nd7
9.Bxe4 dxe4 10.c4 O-O 11.c5 Bxf4 12.Nxf4 Nf6 13.Nxg6 hxg6 14.Qc2 Qd5 15.Nb1 Rfe8
16.Nc3 Qf5 17.Rfd1 c6 18.Rd2 g5 19.Ne2 g4 20.Ng3 Qh7 21.Rad1 Rad8 22.b4 g5
23.a4 Kg7 24.b5 Rh8 25.Nf1 Nd5 26.Qb3 Rd7 27.bxc6 bxc6 28.Rb2 f5 29.Qb7 Rc7
30.Rdb1 Kf6 31.Qa6 Qd7 32.Rb7 Rh7 33.Rxc7 Qxc7 34.Nd2 Qxh2+ 35.Kf1 Qh1+  0-1

[Event "Summer GM"]
[Site "Lugansk UKR"]
[Date "2007.07.07"]
[Round "10"]
[White "Pilavov,G"]
[Black "Kiselev,Vit2"]
[Result "1/2-1/2"]
[WhiteElo "2567"]
[BlackElo "2509"]

1.d4 Nf6 2.Bg5 Ne4 3.h4 d5 4.Nd2 Nxd2 5.Qxd2 Bf5 6.e3 c6 7.Bd3 Bxd3 8.Qxd3 h6
9.Bf4 e6 10.Nf3 Qa5+ 11.c3 Qa6 12.Qxa6 Nxa6 13.h5 c5 14.Ne5 Be7 15.g4 Rc8
16.Rg1 Nb8 17.Ke2 Nd7 18.Nxd7 Kxd7 19.g5 hxg5 20.Bxg5 f6 21.Bf4 cxd4 22.exd4 Rh7
23.Rg6 Rch8 24.Rag1 Rxh5 25.Rxg7 R8h7  1/2-1/2

[Event "Canadian Open"]
[Site "Ottawa CAN"]
[Date "2007.07.08"]
[Round "3"]
[White "Gordon,D"]
[Black "Ernst,S"]
[Result "0-1"]
[WhiteElo "2239"]
[BlackElo "2555"]

1.d4 Nf6 2.Bg5 Ne4 3.Bf4 d5 4.f3 Nf6 5.e4 dxe4 6.Nc3 e3 7.Bxe3 Bf5 8.Bd3 Bxd3
9.Qxd3 e6 10.Qb5+ Nbd7 11.Qxb7 Bd6 12.Nge2 Rb8 13.Qxa7 Qc8 14.Qa5 Rxb2 15.O-O O-O
16.Rab1 Bb4 17.Qb5 Bxc3 18.Rxb2 Bxb2 19.Qxb2 Qa6 20.Nc1 Nb6 21.Bg5 Nc4 22.Qa1 Nd5
23.Nd3 Ra8 24.Rb1 h6 25.Bc1 Qa4 26.Ne1 Nd6 27.Rb3 Qc4 28.Qb2 Qe2 29.Nd3 Nc4
30.Qb1 Kh7 31.Bf4 g5 32.c3 Kg7 33.Be5+ Nxe5 34.Nxe5 Rxa2 35.Qf1 Qc2 36.c4 Qxb3
37.cxd5 Qe3+ 38.Kh1 Qxd4 39.Nc6 Qa1  0-1

[Event "Open A"]
[Site "Kowalewo Pomorskie POL "]
[Date "2007.07.09"]
[Round "8"]
[White "Budrewicz,K"]
[Black "Ziolkowski,D"]
[Result "1-0"]
[WhiteElo "2224"]
[BlackElo "2245"]

1.d4 Nf6 2.Bg5 Ne4 3.Bf4 c5 4.d5 Qb6 5.Nd2 Nxd2 6.Bxd2 Qxb2 7.Nf3 Qf6 8.e4 d6
9.Rb1 Qg6 10.Qe2 e5 11.dxe6 fxe6 12.Qe3 Be7 13.Bd3 Qf7 14.O-O O-O 15.Ng5 Bxg5
16.Qxg5 Qf6 17.Qg3 Nc6 18.Qxd6 c4 19.Bxc4 Rd8 20.Qf4 Qd4 21.Bd3 Ne5 22.Rb3 b6
23.Qg3 Nxd3 24.Rxd3 Qf6 25.Rxd8+ Qxd8 26.Bc3 Qd7 27.Qg4 Ba6 28.Rd1 Qf7 29.Be5 Rf8
30.f3 Rc8 31.c3 Bc4 32.a3 Qe7 33.h4 g6 34.f4 Bb3 35.Rd2 Rd8 36.Rd4 Rxd4 37.cxd4 Bc2
38.d5 Bxe4 39.d6 Qf7 40.Qg5 Bc6 41.Qd8+ Qf8 42.Qc7 Bb5 43.d7  1-0

[Event "Canadian Open"]
[Site "Ottawa CAN"]
[Date "2007.07.10"]
[Round "5"]
[White "Gordon,D"]
[Black "Yuan Yuanling"]
[Result "1-0"]
[WhiteElo "2239"]
[BlackElo "2100"]

1.d4 Nf6 2.Bg5 Ne4 3.Bf4 c5 4.f3 Qa5+ 5.c3 Nf6 6.Nd2 cxd4 7.Nb3 Qb6 8.Qxd4 Nc6
9.Qxb6 axb6 10.Nd4 e5 11.Nxc6 exf4 12.Nd4 Bc5 13.Nh3 Nd5 14.e4 fxe3 15.Bc4 Ne7
16.Nf4 O-O 17.O-O-O Nc6 18.Rhe1 Nxd4 19.cxd4 Bd6 20.Nd5 b5 21.Bb3 Bxh2 22.f4 Bg3
23.Rxe3 Bh4 24.g3 Bd8 25.Ne7+ Bxe7 26.Rxe7 Ra6 27.Kd2 b4 28.Rde1 Rf6 29.R1e5 g6
30.Rb5 h5 31.Ke3 Rd8 32.Rxb4 Kf8 33.Re5 d6 34.Reb5 Re8+ 35.Kf2 h4 36.Bd5 hxg3+
37.Kxg3 g5 38.Bxb7 Re3+ 39.Kf2 Re8 40.Rxg5 Bxb7 41.Rxb7 Rxf4+ 42.Kg3 Rxd4
43.Rf5 Rd3+ 44.Kg4 Re4+ 45.Rf4 Rxf4+ 46.Kxf4 Rd4+ 47.Kf5 Ra4 48.a3 Ke8 49.Rc7 Ra5+
50.Kf6 Ra4 51.Kf5 Ra5+ 52.Ke4 Re5+ 53.Kd4 Ra5 54.Kc4 f5 55.Kb4 Re5 56.a4 f4
57.a5 f3 58.a6 Re7 59.a7 Rxc7 60.a8=Q+ Kd7 61.Qxf3 Rc5 62.Qb7+ Rc7 63.Qd5 Rc8
64.Qb7+ Rc7 65.Qb5+ Kd8 66.Ka5 Kc8 67.Ka6 Kd8 68.Kb6 Rc8 69.Qg5+ Kd7 70.Qf5+ Kd8
71.Qxc8+ Kxc8 72.Kc6  1-0

[Event "Ikaros Festival"]
[Site "Agios Kirykos GRE"]
[Date "2007.07.11"]
[Round "5"]
[White "Timpani,N"]
[Black "Hadzimanolis,A"]
[Result "0-1"]
[WhiteElo "2120"]
[BlackElo "2301"]

1.d4 Nf6 2.Bg5 Ne4 3.Bf4 c5 4.e3 Qb6 5.Nc3 Nxc3 6.bxc3 d6 7.Bd3 g6 8.Ne2 Bg7
9.Rb1 Qc7 10.h4 h5 11.e4 c4  0-1

[Event "22nd North Sea Cup"]
[Site "Esbjerg DEN"]
[Date "2007.07.14"]
[Round "2"]
[White "Weindl,A"]
[Black "Bindzus,N"]
[Result "1-0"]
[WhiteElo "2361"]
[BlackElo "2081"]

1.d4 Nf6 2.Bg5 Ne4 3.Bf4 c5 4.f3 Nf6 5.d5 Qb6 6.e4 Qxb2 7.Nd2 d6 8.Nc4 Qb4+
9.c3 Qxc3+ 10.Bd2 Qd4 11.Qc1 Nxe4 12.fxe4 Qxe4+ 13.Ne3 Nd7 14.Nf3 Nf6 15.Bb5+ Bd7
16.Bxd7+ Kxd7 17.O-O h6 18.Qb2 Kc7 19.Rfc1 Nxd5 20.Rc4 Qd3 21.Rd4 cxd4 22.Nxd5+ Kb8
23.Rb1 b5 24.Nb4  1-0

[Event "XXII Tadeusz Gniota Mem"]
[Site "Police POL"]
[Date "2007.07.14"]
[Round "4"]
[White "Krysztofiak,M"]
[Black "Chojnacki,K"]
[Result "1/2-1/2"]
[WhiteElo "2414"]
[BlackElo "2372"]

1.d4 Nf6 2.Bg5 Ne4 3.Bf4 c5 4.f3 Qa5+ 5.c3 Nf6 6.d5 Qb6 7.b3 e6 8.e4 exd5
9.exd5 d6 10.Na3 Be7 11.Nc4 Qc7 12.a4  1/2-1/2

[Event "Lichtenstein Mem"]
[Site "Elkana ISR"]
[Date "2007.07.16"]
[Round "2"]
[White "Porper,E"]
[Black "Bykhovsky,An ISR"]
[Result "1/2-1/2"]
[WhiteElo "2474"]
[BlackElo "2357"]

1.d4 Nf6 2.Bg5 Ne4 3.Bf4 c5 4.d5 e6 5.f3 Nf6 6.c4 Nh5 7.Bg3 Nxg3 8.hxg3 d6
9.Nc3 exd5 10.cxd5 g6 11.Qa4+ Nd7 12.Qf4 Be7 13.Nh3 Ne5 14.Nf2 b5 15.Qc1 b4
16.Ncd1 Bf6 17.e4 Bg7 18.Bb5+ Bd7 19.Be2 c4 20.a3 a5 21.axb4 axb4 22.Rxa8 Qxa8
23.O-O O-O 24.f4 Nd3 25.Qxc4 Nxf2 26.Nxf2 Qa7 27.Kh2 Rc8 28.Qa6 Qxa6 29.Bxa6 Ra8
30.Bb7 Rb8 31.Bc6 Bxc6 32.dxc6 Bxb2 33.Nd3 Ba3 34.Rb1 Rc8 35.Nxb4 Bxb4 36.Rxb4 Rxc6
37.g4 h6 38.Rd4  1/2-1/2

[Event "22nd North Sea Cup"]
[Site "Esbjerg DEN"]
[Date "2007.07.18"]
[Round "8"]
[White "Weindl,A"]
[Black "Nielsen,Per"]
[Result "1-0"]
[WhiteElo "2361"]
[BlackElo "2040"]

1.d4 Nf6 2.Bg5 Ne4 3.Bf4 d5 4.e3 e6 5.Nd2 Nxd2 6.Qxd2 Bd6 7.Nf3 Bxf4 8.exf4 Nd7
9.c3 Nf6 10.Bd3 b6 11.O-O O-O 12.Rfe1 Bb7 13.Rad1 Qd6 14.Bb1 c5 15.Qe3 Rae8
16.Ne5 Ne4 17.Bxe4 dxe4 18.dxc5 Qxc5 19.Qxc5 bxc5 20.Nd7 Bd5 21.b3 f5 22.Nxf8 Kxf8
23.c4  1-0

[Event "XII Open"]
[Site "Balaguer ESP"]
[Date "2007.07.19"]
[Round "4"]
[White "Mirzoev,A"]
[Black "Perpinya Rofes,L"]
[Result "1-0"]
[WhiteElo "2551"]
[BlackElo "2400"]

1.d4 Nf6 2.Bg5 Ne4 3.Bf4 c5 4.f3 Qa5+ 5.c3 Nf6 6.Nd2 cxd4 7.Nb3 Qb6 8.Qxd4 Nc6
9.Qxb6 axb6 10.Be3 g6 11.Bxb6 Bh6 12.Bf2 d6 13.e4 Be6 14.Nd4 Rxa2 15.Rxa2 Bxa2
16.Bb5 O-O 17.Nge2 Rc8 18.O-O e5 19.Nc2 d5 20.exd5 Nxd5 21.Ra1 Bb3 22.Ne1 Ne3
23.Nd3 Nc2 24.Rb1 Ba2 25.Rf1 Ne3 26.Ra1 Bc4 27.Bxc4 Nxc4 28.b3 Nd2 29.Ndc1 e4
30.f4 e3 31.Bxe3 Ne4 32.Nd3 Bg7 33.Rc1 Na5 34.Nd4 Rxc3 35.Rxc3 Nxc3 36.Ne5 Nd5
37.Bd2 Bxe5 38.fxe5 Nc6 39.Nf3 Kf8 40.Kf2 Ke7 41.g4 Ke6 42.Ng5+ Ke7 43.Kf3 Nd4+
44.Ke4 Nxb3 45.Be1 Nc7 46.Bb4+ Ke8 47.Nxh7 Ne6 48.Nf6+ Kd8 49.h4 Nbc5+ 50.Kd5 Nd7
51.Ng8 Nb6+ 52.Ke4 Nd7 53.h5 gxh5 54.gxh5 Ke8 55.h6 Ndf8 56.Kf5 Nh7 57.Ba3 b5
58.Bb4 Nhf8 59.Ne7  1-0

[Event "33rd Open"]
[Site "Sitges ESP"]
[Date "2007.07.19"]
[Round "2"]
[White "Moskalenko,V"]
[Black "Mateos Roza,M"]
[Result "1-0"]
[WhiteElo "2560"]
[BlackElo "2106"]

1.d4 Nf6 2.Bg5 Ne4 3.Bf4 c5 4.f3 Qa5+ 5.c3 Nf6 6.d5 d6 7.e4 Nbd7 8.Nd2 g6
9.Nh3 Nh5 10.Be3 Ne5 11.g4 Nf6 12.Nf2 h6 13.h4 Bg7 14.Be2 Qc7 15.f4 Ned7
16.a4 a6 17.Kf1 Rb8 18.Kg2 b5 19.axb5 axb5 20.g5 Ng8 21.h5 gxh5 22.Bxh5 hxg5
23.Bxf7+ Kxf7 24.Rxh8 Bxh8 25.Qh5+  1-0

[Event "2nd Crete Summer Cup"]
[Site "Agios Nikolaos GRE"]
[Date "2007.07.21"]
[Round "1"]
[White "Ifantis,I"]
[Black "Bellia,F"]
[Result "0-1"]
[WhiteElo "1901"]
[BlackElo "2405"]

1.d4 Nf6 2.Bg5 Ne4 3.h4 h6 4.Bf4 d5 5.Nc3 Nxc3 6.bxc3 c5 7.Nf3 e6 8.e3 Qa5
9.Qd2 cxd4 10.exd4 Nd7 11.Bd3 b6 12.O-O Ba6 13.Bxa6 Qxa6 14.a4 Rc8 15.a5 bxa5
16.Rfb1 Nb6 17.Ne5 a4 18.Qd1 Be7 19.Qh5 Rf8 20.Re1 Nd7 21.Nxd7 Kxd7 22.Qg4 Bf6
23.Be5 Rxc3 24.Bxf6 gxf6 25.Qg7 Ke7 26.Reb1 Rfc8 27.Qxh6 a3 28.Rb3 Rxb3 29.cxb3 Rc2
30.Qe3 a2 31.h5 Qa3 32.h6 Qb2 33.Qe1 Qxd4 34.h7 Rxf2 35.Qxf2 Qxa1+ 36.Kh2 Qe5+
37.Qg3 Qxg3+ 38.Kxg3 a1=Q 39.h8=Q Qc3+  0-1

[Event "29th Politiken Cup"]
[Site "Copenhagen DEN"]
[Date "2007.07.21"]
[Round "1"]
[White "Brondum,E"]
[Black "Jacobsen,P2"]
[Result "1/2-1/2"]
[WhiteElo "2180"]
[BlackElo "1730"]

1.d4 Nf6 2.Bg5 Ne4 3.Bf4 d6 4.e3 Nc6 5.Bd3 Nf6 6.c4 e5 7.Bg3 exd4 8.exd4 Nxd4
9.Nc3 Qe7+ 10.Nge2 Bg4 11.O-O Nxe2+ 12.Nxe2 g6 13.Re1 Bg7 14.h3 Be6 15.Nf4 O-O-O
16.Qb3 Qd7 17.Nxe6 fxe6 18.c5 dxc5 19.Bc4 Nd5 20.Qa3 Kb8 21.Qxc5 b6 22.Qa3 Bf8
23.Qb3 Bc5 24.Rac1 Rhf8 25.Be2 Bd6 26.Bg4 Bxg3 27.fxg3 Rde8 28.Re2  1/2-1/2

[Event "29th Politiken Cup"]
[Site "Copenhagen DEN"]
[Date "2007.07.21"]
[Round "1"]
[White "Rasmussen,M1"]
[Black "Ziska,H"]
[Result "0-1"]
[WhiteElo "1958"]
[BlackElo "2392"]

1.d4 Nf6 2.Bg5 Ne4 3.Bf4 c5 4.f3 Qa5+ 5.c3 Nf6 6.d5 Qb6 7.Bc1 e6 8.c4 g6
9.e4 Bg7 10.Nc3 O-O 11.Bd3 exd5 12.exd5 Na6 13.a3 d6 14.Nge2 Nd7 15.f4 f5
16.O-O Nf6 17.Rb1 Bd7 18.Bd2 Rae8 19.Qc2 Ng4 20.Rf3 Nb4 21.Qd1 Nxd3 22.Rxd3 Qa6
23.b3 b5 24.cxb5 Bxb5 25.Nxb5 Qxb5 26.Bc3 Ne3 27.Qd2 Nc4 28.Qd1 Ne3 29.Qd2 Nc4
30.Qd1 Nxa3 31.Ra1 c4 32.bxc4 Nxc4 33.Bxg7 Kxg7 34.Rxa7+ Kg8 35.Rb3 Qc5+
36.Qd4 Rf7 37.Rxf7 Kxf7 38.Rb7+ Re7 39.Rxe7+ Kxe7 40.Kf2 Nb6 41.Ke3 Nxd5+
42.Kd3 Nb4+ 43.Kd2 Qc2+ 44.Ke3 Qb3+ 45.Kd2 Qa2+ 46.Kc3 Nd5+ 47.Kd3 Nf6 48.Qe3+ Ne4
49.g3 Ke6 50.h4 Qb3+ 51.Kd4 Qd5+  0-1

[Event "29th Politiken Cup"]
[Site "Copenhagen DEN"]
[Date "2007.07.22"]
[Round "2"]
[White "Urkedal,F"]
[Black "Nordfjoerd,S"]
[Result "1-0"]
[WhiteElo "2235"]
[BlackElo "2039"]

1.d4 Nf6 2.Bg5 Ne4 3.Bf4 c5 4.f3 Qa5+ 5.c3 Nf6 6.d5 d6 7.e4 g6 8.Nd2 Bg7
9.Nc4 Qd8 10.a4 O-O 11.Qd2 Re8 12.g4 h5 13.h3 Nbd7 14.Ne2 b6 15.Bg5 Ba6 16.Ng3 Bxc4
17.Bxc4 Ne5 18.Be2 hxg4 19.hxg4 Nh7 20.Bh6 Bh8 21.f4 Nd7 22.Bf3 Ndf8 23.Qh2 Bf6
24.e5 dxe5 25.Ne4 Nd7 26.Bg5 Ndf8 27.Bxf6 exf6 28.f5 g5 29.d6 Rb8 30.d7 Nxd7
31.Qxh7+ Kf8 32.Nd6 Ke7 33.Qxf7+ Kxd6 34.Qd5+  1-0

[Event "Czech Open GMA"]
[Site "Pardubice CZE"]
[Date "2007.07.23"]
[Round "4"]
[White "Kireev,Al"]
[Black "Vorobiov,E"]
[Result "1/2-1/2"]
[WhiteElo "2380"]
[BlackElo "2572"]

1.d4 Nf6 2.Bg5 Ne4 3.Be3 c5 4.dxc5 e6 5.Nd2 Nxc5 6.Bxc5 Bxc5 7.Ne4 Nc6 8.c3 Be7
9.Nd6+ Bxd6 10.Qxd6 Qe7 11.Qxe7+ Kxe7 12.Nf3 b5 13.Nd4 Nxd4 14.cxd4 Bb7 15.e3 Rhc8
16.Kd2 Be4 17.Bd3 Bxd3 18.Kxd3 Rc6 19.Rhc1 Rac8 20.Rxc6 Rxc6 21.a3 f5 22.f3 a5
23.g4 fxg4 24.fxg4 d5 25.Rf1 Rc8 26.Kd2 h6 27.h4 Rc4 28.Rf2 Rc8 29.Rf1 Rc4  1/2-1/2

[Event "11th Festival Open A"]
[Site "Senta SRB"]
[Date "2007.07.23"]
[Round "5"]
[White "Helsen,S"]
[Black "Brenjo,S"]
[Result "0-1"]
[WhiteElo "2146"]
[BlackElo "2485"]

1.d4 Nf6 2.Bg5 Ne4 3.Bf4 d5 4.e3 Nc6 5.Bd3 g5 6.Bg3 h5 7.Bxe4 dxe4 8.h4 e6
9.Nc3 Bb4 10.Ne2 f5 11.a3 Ba5 12.b4 Bb6 13.d5 exd5 14.Qxd5 Qxd5 15.Nxd5 f4
16.exf4 g4 17.O-O-O Ne7 18.c4 Nxd5 19.Rxd5 c6 20.Re5+ Kf7 21.Rxe4 a5 22.c5 Bd8
23.Rd1 axb4 24.axb4 Ra1+ 25.Kd2 Rxd1+ 26.Kxd1 Bf6 27.f5 Bxf5 28.Re3 Ra8 29.Be5 Bxh4
30.g3 Bg5 31.Bf4 Ra1+ 32.Kd2 Bf6 33.Be5 Ra2+ 34.Kc3 Bg5 35.Bf4 Bd8 36.Nd4 Bd7
37.f3 Bf6 38.fxg4 Bxg4 39.Kc4 Ra1 40.Rd3 Bh3 41.Rd2 Ra3 42.Rf2 Kg6 43.Bd6 Be6+
44.Nxe6 Rc3+  0-1

[Event "33rd Open"]
[Site "Sitges ESP"]
[Date "2007.07.23"]
[Round "6"]
[White "Retera,J"]
[Black "Corrales Jimenez,F"]
[Result "1/2-1/2"]
[WhiteElo "2280"]
[BlackElo "2499"]

1.d4 Nf6 2.Bg5 Ne4 3.Bf4 d5 4.f3 Nf6 5.e4 dxe4 6.Nc3 exf3 7.Nxf3 g6 8.Bc4 Bg7
9.Qe2 O-O 10.O-O-O c6 11.d5 cxd5 12.Nxd5 Nxd5 13.Rxd5 Nd7 14.Rhd1 e6 15.Rd6 Qf6
16.R1d4 h6 17.Kb1 g5 18.Bc1 Ne5 19.h4 Nxc4 20.Qxc4 gxh4 21.Rxh4 b5 22.Qe4 Rb8
23.Ng5 Qf5 24.Qxf5 exf5 25.Nf3 Bb7 26.Bxh6 Rfd8 27.Rxd8+ Rxd8 28.Kc1 Bf6
29.Rf4 Rd5 30.c3 Kh7 31.Bf8 Kg6 32.Kc2 a5 33.a4 Rd8 34.Bc5 Be4+ 35.Kb3 Rb8
36.g4 bxa4+ 37.Kxa4 Rxb2 38.gxf5+ Bxf5 39.Nh4+ Bxh4 40.Rxh4 Ra2+ 41.Kb3 Be6+
42.c4 Ra1 43.Rd4 a4+ 44.Kb2 Rf1 45.Ka3 Rc1 46.Kxa4 Bxc4 47.Ka3 Be6 48.Bb4 Rb1
49.Bd2 Kf5 50.Rb4 Rd1 51.Rb2 Ke4 52.Kb4 f5 53.Kc3 Rg1 54.Rb4+ Kf3 55.Kd3 Rh1
56.Rf4+ Kg3 57.Ke3 Ra1 58.Rf3+ Kg4 59.Rf4+ Kh5 60.Kf2 Ra2 61.Rd4 Kg6 62.Kg3 Bb3
63.Rd6+ Kf7 64.Kf4 Bc2 65.Ke5 Be4 66.Kf4 Rb2 67.Be3 Rb3 68.Bd2 Rf3+ 69.Ke5 Rf1
70.Rf6+ Kg7 71.Bh6+ Kh7 72.Bf8 Bc2 73.Rh6+ Kg8 74.Rf6 Re1+ 75.Kf4 Re8 76.Bh6 Kh7
77.Bf8 Ra8 78.Kg5 Ra1 79.Bc5 Ra4 80.Rh6+ Kg7 81.Rh4 Be4 82.Bd6 Kf7 83.Rh6 Ra5
84.Rf6+ Ke8 85.Kf4 Kd7 86.Bf8 Bc2 87.Rd6+ Ke8 88.Rf6 Ra4+ 89.Ke3 Kd7 90.Rd6+ Ke8
91.Rf6 Rg4 92.Bd6 Re4+ 93.Kf2 Kd7 94.Bf8 Rf4+ 95.Ke3 Rf1 96.Rd6+ Ke8 97.Rf6 Bb3
98.Bd6 Re1+ 99.Kf2 Rd1 100.Ba3 Bc4 101.Bb4 Kd7 102.Ke3 Rd3+  1/2-1/2

[Event "29th Politiken Cup"]
[Site "Copenhagen DEN"]
[Date "2007.07.24"]
[Round "5"]
[White "Bae,T"]
[Black "Blomstrom,L"]
[Result "1-0"]
[WhiteElo "2364"]
[BlackElo "2197"]

1.d4 Nf6 2.Bg5 Ne4 3.Bf4 c5 4.f3 Qa5+ 5.c3 Nf6 6.d5 Qb6 7.e4 d6 8.Nd2 g6
9.Nc4 Qd8 10.a4 Bg7 11.Qd2 h5 12.Bd3 Na6 13.Ne2 Nc7 14.O-O O-O 15.Bc2 Bd7
16.Bg5 b5 17.Ne3 e6 18.dxe6 Nxe6 19.Bxf6 Qxf6 20.Qxd6 Rfd8 21.Nd5 Qg5 22.f4 Qg4
23.Rf2 bxa4 24.Qe7 h4 25.h3 Qh5 26.f5 gxf5 27.exf5 Ng5 28.Nef4 Qh6 29.f6 Bf8
30.Qe5 Be6 31.Ne7+ Bxe7 32.fxe7  1-0

[Event "ch-Gdansk"]
[Site "Gdansk POL"]
[Date "2007.07.24"]
[Round "4"]
[White "Les,C"]
[Black "Stanislawowicz,J"]
[Result "1-0"]
[WhiteElo "1826"]
[BlackElo "1985"]

1.d4 Nf6 2.Bg5 Ne4 3.Bf4 c5 4.e3 Nf6 5.Bd3 cxd4 6.exd4 d6 7.Nf3 Bg4 8.Nbd2 a6
9.c4 e6 10.h3 Bh5 11.O-O Nc6 12.Re1 Nxd4 13.Qa4+ b5 14.cxb5 Nxf3+ 15.Nxf3 Qd7
16.Nd4 Be7 17.Nc6 O-O 18.bxa6 Nd5 19.Nxe7+ Qxe7 20.Bg3 Bg6 21.Bf1 Rfd8 22.Qd4 Nc7
23.Rac1 e5 24.Qb6 Rdc8 25.b4 Bf5 26.b5 Be6 27.a4 Bd5 28.Qa5 Ne6 29.b6 Rc5
30.Qb4 Rb8 31.a5 h6 32.a7 Qxa7 33.Rxc5 dxc5 34.Qd2 Qa8 35.Bxe5 Rc8 36.a6 Rd8
37.Qb2 Rd7 38.Rb1 Nd8 39.Bxg7 c4 40.Bxh6 f5 41.Qe5 Nf7 42.Qg7+  1-0

[Event "33rd Open"]
[Site "Sitges ESP"]
[Date "2007.07.26"]
[Round "9"]
[White "Barsov,A"]
[Black "Grigore,Ge"]
[Result "1-0"]
[WhiteElo "2517"]
[BlackElo "2534"]

1.d4 Nf6 2.Bg5 Ne4 3.Bf4 c5 4.f3 Qa5+ 5.c3 Nf6 6.d5 Qb6 7.Bc1 e6 8.e4 exd5
9.exd5 d6 10.c4 Be7 11.Nc3 O-O 12.Bd3 Ne8 13.Nge2 Nd7 14.b3 Ne5 15.Bc2 Bh4+
16.g3 Bf6 17.O-O Bh3 18.Rf2 Bd7 19.Bf4 g6 20.h4 Bg7 21.h5 f5 22.hxg6 hxg6
23.Qd2 Qd8 24.Kg2 a6 25.a4 b5 26.axb5 axb5 27.Rxa8 Qxa8 28.cxb5 Qa5 29.Bg5 Kf7
30.Nf4 Nc7 31.Ne4 Qb6 32.Ne6 Bxe6 33.dxe6+ Kxe6 34.f4 Ng4 35.Re2 fxe4 36.Bxe4 Kd7
37.Bc6+ Kc8 38.Qxd6 Kb8 39.Ra2 Kc8 40.Bd7+ Kb7 41.Bc6+ Kc8 42.Qd7+ Kb8 43.Bd8  1-0

[Event "29th Politiken Cup"]
[Site "Copenhagen DEN"]
[Date "2007.07.27"]
[Round "8"]
[White "Urkedal,F"]
[Black "Antonsen,M"]
[Result "0-1"]
[WhiteElo "2235"]
[BlackElo "2397"]

1.d4 Nf6 2.Bg5 Ne4 3.Bf4 c5 4.f3 Qa5+ 5.c3 Nf6 6.d5 Qb6 7.e4 Qxb2 8.Nd2 Qxc3
9.Bc7 d6 10.Ne2 Qd3 11.Qc1 Na6 12.Nb3 Nb4 13.Ned4 cxd4  0-1